| 000 | 01069nam a22003137a 4500 | ||
|---|---|---|---|
| 003 | URS | ||
| 005 | 20230323153120.0 | ||
| 008 | 230323b |||||||| |||| 00| 0 eng d | ||
| 020 | _a978-971-821-888-4 | ||
| 040 |
_bEnglish _cURS _erda |
||
| 050 |
_aJZ1318 _b.C767a 2019 |
||
| 245 |
_aThe Contemporary world / _cAlex V. Abelos...[and six others]. |
||
| 264 |
_aMalabon City : _bMutya Publishing House, Incorported, _c©2019. |
||
| 300 |
_a211 pages ; _c26 cm. |
||
| 336 |
_2rdacontent _atext _btxt |
||
| 337 |
_2rdamedia _aunmediated _bn |
||
| 338 |
_2rdacarrier _avolume _bnc |
||
| 504 | _aIncludes bibliographical references. | ||
| 650 | 0 |
_961 _aGlobalization. |
|
| 650 | 0 |
_962 _aWorld economics. |
|
| 700 |
_9857 _aAbelos, Alex V., _eauthor. |
||
| 700 |
_94330 _aBoca, Aldrin B., _eauthor. |
||
| 700 |
_94331 _aTrinidad, JLover F., _eauthor. |
||
| 700 |
_94332 _aSomera, Voltaire C., _eauthor. |
||
| 700 |
_94333 _aBernal Jr., Hernando L., _eauthor. |
||
| 700 |
_94334 _aMacinas, Bernard R., _eauthor. |
||
| 700 |
_94335 _aBacani, Ariel C., _eauthor. |
||
| 942 |
_2lcc _cF |
||
| 999 |
_c69102 _d69102 |
||